| Поле | Инд. | ПП | Название | Значение |
|---|---|---|---|---|
| Тип записи | a | |||
| Библиографический уровень | a | |||
| 001 | Контрольный номер | 06750ededff546c68f21b16cf87e6321 | ||
| 005 | Дата корректировки | 20181120134544.6 | ||
| 100 | a | Данные общей обработки | 20180904 ||| 0rusy0189 ca | |
| 101 | 0_ | a | Язык текста | rus |
| 102 | a | Страна публикации | RU | |
| 200 | 1_ | f | Первые сведения об ответственности | Е.С. Байкина |
| a | Заглавие | Поэлементный состав юридической конструкции налога: правовая проблематика теории и практики | ||
| 210 | d | Дата издания | 2018 | |
| 461 | _0 | 1 | 2000 | |
| a | Финансовое право | |||
| 463 | _0 | 1 | 2000 | |
| a | №5 | |||
| v | С. 28-31 | |||
| 1 | 2101 | |||
| d | 2018 | |||
| 1 | 0015e82184ea5594d60a9dedc0cb2ee3e80 | |||
| 606 | a | Основная рубрика | Финансовое право | |
| 610 | 0_ | a | Ключевые слова | НАЛОГИ |
| a | Ключевые слова | НАЛОГОВОЕ ПРАВО | ||
| a | Ключевые слова | НАЛОГООБЛОЖЕНИЕ | ||
| 700 | _1 | a | Фамилия | Байкина |
| b | Имя | Е.С. | ||
| 801 | _0 | a | Страна | RU |
| b | Организация | РГУП | ||
| c | Дата составления | 20180904 | ||
| g | Правила каталогизации | PSBO | ||
| 801 | _1 | a | Страна | RU |
| b | Организация | РГУП | ||
| c | Дата составления | 20180904 | ||
| g | Правила каталогизации | PSBO | ||
| 901 | t | Тип документа | b | |
| w | Контрольный № источника | 5e82184ea5594d60a9dedc0cb2ee3e80 | ||
| 905 | a | Дата ввода | 20180904 |